[Event "Arco op 41st"]
[Site "Arco"]
[Date "2019.10.04"]
[Round "1"]
[White "Wernet, Andreas"]
[Black "Panariello, Francesco"]
[Result "1-0"]
[WhiteElo "1990"]
[BlackElo "1628"]
[PlyCount "53"]
[EventDate "2019.10.04"]
[EventType "swiss"]
[EventRounds "9"]
[EventCountry "ITA"]
[SourceTitle "EXT 2020"]
[Source "ChessBase"]
[SourceDate "2019.10.17"]
[SourceVersion "1"]
[SourceVersionDate "2019.10.17"]
[SourceQuality "1"]

1. e4 e6 2. Qe2 c5 3. g3 Nc6 4. Nf3 g6 5. Bg2 Bg7 6. 0-0 Nge7 7. Re1 e5 8. d3 0-0 9. c3 Rb8 10. Nbd2 d6 11. Nf1 h6 12. Ne3 Be6 13. Nh4 Kh7 14. Nd5 f5 15. Nxe7 Nxe7 16. exf5 gxf5 17. f4 Bd5 18. Bh3 b5 19. Rf1 e4 20. Re1 Rb7 21. Qh5 Bf7 22. Qd1 Bd5 23. Nxf5 Be6 24. dxe4 Nxf5 25. exf5 Bxf5 26. Bxf5+ Rxf5 27. Qd3 1-0

[Event "Arco op 40th"]
[Site "Arco"]
[Date "2018.10.13"]
[Round "1"]
[White "Panariello, Francesco"]
[Black "Lagrotteria, Salvatore"]
[Result "0-1"]
[WhiteElo "1707"]
[BlackElo "2088"]
[PlyCount "78"]
[EventDate "2018.10.13"]
[EventType "swiss"]
[EventRounds "9"]
[EventCountry "ITA"]
[SourceTitle "CBM 186 Extra"]
[Source "ChessBase"]
[SourceDate "2018.08.24"]
[SourceVersion "1"]
[SourceVersionDate "2018.08.24"]
[SourceQuality "1"]

1. d4 Nf6 2. Nf3 g6 3. Bf4 d6 4. h3 Bg7 5. e3 0-0 6. Be2 a5 7. 0-0 c6 8. Nbd2 Na6 9. c4 c5 10. Bh2 cxd4 11. exd4 Bf5 12. g4 Bd7 13. a3 Qc8 14. Re1 Re8 15. Bf1 h5 16. g5 Nh7 17. h4 Nc7 18. Re3 Ne6 19. Qe1 Bf8 20. Rc1 Ng7 21. c5 d5 22. Ne5 Nf5 23. Bh3 e6 24. Bxf5 exf5 25. Qe2 Bg7 26. Nxd7 Qxd7 27. Re1 Rxe3 28. Qxe3 Nf8 29. Nf3 Ne6 30. Ne5 Bxe5 31. Bxe5 Re8 32. Bh2 Ng7 33. Qd2 Re4 34. Qxa5 f4 35. f3 Rxd4 36. Qc3 Nf5 37. Re5 Nxh4 38. Kh1 Rd1+ 39. Re1 Qh3 0-1